000 00749nam a2200241Ia 4500
005 20230503150445.0
008 210716s1999 xx 000 0 und d
020 _a9971512750
040 _cAIMIT LIBRARY
041 _aeng
082 _a005.42
_25
_bSILA
100 _aSilberschat, Abraham.
_995858
245 _aOperating system concepts /
_cBy Abraham Silberschatz and Peter Baer.
250 _a5th ed.
260 _aNew York :
_bAddison Wesley ,
_c1999.
300 _axxi,886p.;
_bPB
_c24.5 cm.
650 _aCPU Scheduling
_995859
650 _aProcess synchronization
_995860
650 _aStorage management
_995861
650 _aMemory management
_995862
700 _aGalvin, Peter Baer.
_995863
942 _2ddc
_cBK
_e5th
_k005.42 SILA
999 _c183444
_d183444